Three Letter Simpsons Quiz Stats

Quiz Updated Sep 25, 2013

Also try: Three Letter Crawl
Challenge
Share
Tweet
Embed
Score 0/12 Timer 03:00
3 Plays Today
Character % Correct
Moe Szyslak
80%
Apu Nahasapeemapetilon
66.6%
Ned Flanders
64.4%
Abe Simpson
53%
Rod Flanders
47.6%
Bob Terwilliger (Sideshow Bob)
46.1%
Joe Quimby
39.5%
Gil Gunderson
30.1%
Disco Stu
27.6%
Lou
27.4%
Mel Van Horne (Sideshow Mel)
27.2%
Tim Lovejoy
24.8%

You're not logged in!

Compare scores with friends on all Sporcle quizzes.
Join for Free
OR
Log In

You Might Also Like...

Show Comments

Extras

Top Quizzes Today


Score Distribution

Your Account Isn't Verified!

In order to create a playlist on Sporcle, you need to verify the email address you used during registration. Go to your Sporcle Settings to finish the process.

Report this User

Report this user for behavior that violates our Community Guidelines.

Details: